Iʻjāz al-Qurʼān, (Record no. 48382)

MARC details
000 -LEADER
fixed length control field 00843cam a22002651 4500
001 - CONTROL NUMBER
control field ne 65002023
003 - CONTROL NUMBER IDENTIFIER
control field DLC
005 - DATE AND TIME OF LATEST TRANSACTION
control field 20260227111817.0
008 - FIXED-LENGTH DATA ELEMENTS--GENERAL INFORMATION
fixed length control field 890131s1964 ua h b 000 0 ara
010 ## - LIBRARY OF CONGRESS CONTROL NUMBER
LC control number ne 65002023
025 ## - OVERSEAS ACQUISITION NUMBER
Overseas acquisition number PL480:UAR-5901
035 ## - SYSTEM CONTROL NUMBER
System control number (OCoLC)19087342
040 ## - CATALOGING SOURCE
Original cataloging agency DLC
Transcribing agency WaU
Modifying agency WaU
-- TU
-- DLC
042 ## - AUTHENTICATION CODE
Authentication code premarc
045 ## - TIME PERIOD OF CONTENT
Time period code x6x6
050 00 - LIBRARY OF CONGRESS CALL NUMBER
Classification number BP131.3
Item number .B3 1964
100 1# - MAIN ENTRY--PERSONAL NAME
Personal name Bāqillānī, Muḥammad ibn al-Ṭayyib,
Dates associated with a name -1013.
245 10 - TITLE STATEMENT
Title Iʻjāz al-Qurʼān,
Statement of responsibility, etc. lil-Bāqillānī Abī Bakr Muḥammad ibn al-Ṭayyib. Taḥqīq al-Sayyid Aḥmad Saqr.
260 ## - PUBLICATION, DISTRIBUTION, ETC.
Place of publication, distribution, etc. [al-Qāhirah]
Name of publisher, distributor, etc. Dār al-Maʻārif
Date of publication, distribution, etc. 1963 [i. e. 1964]
300 ## - PHYSICAL DESCRIPTION
Extent 393 p.
Other physical details facsims.
Dimensions 24 cm.
440 #0 - SERIES STATEMENT/ADDED ENTRY--TITLE
Title Dhakhāʼir al-ʻArab,
Volume/sequential designation 12
504 ## - BIBLIOGRAPHY, ETC. NOTE
Bibliography, etc. note Bibliography: p. 374-380.
630 00 - SUBJECT ADDED ENTRY--UNIFORM TITLE
Uniform title Qurʼan
General subdivision Language, style.
650 #0 - SUBJECT ADDED ENTRY--TOPICAL TERM
Topical term or geographic name entry element Metaphor.

No items available.

Powered by Koha